000 00493nam a2200193Ia 4500
005 20240423095904.0
008 131103s9999 xx 000 0 und d
040 _aLoreto College
041 _aEnglish
082 _a425
_bSCH
100 _aSchutt, Warren
245 _aEffective written english
_cWarren E.Schhut
260 _aLondon
_bD.van nostarnd
_c1949
300 _axi,433p.
504 _aIncludes appendix & index
650 _aEnglish grammar
850 _aLCBED
942 _cBK
999 _c28351
_d78830